ՀՀ Գիտությունների ազգային ակադեմիայի հիմնարար գիտական գրադարան  =   Fundamental Scientific Library of NAS RA

Сельскохозяйственные машины и орудия / (Record no. 470053)

MARC details
000 -LEADER
fixed length control field 01018cam a2200229 i 4500
001 - CONTROL NUMBER
control field 000659117
003 - CONTROL NUMBER IDENTIFIER
control field AM-YeHGA
005 - DATE AND TIME OF LATEST TRANSACTION
control field 20250617161345.0
008 - FIXED-LENGTH DATA ELEMENTS--GENERAL INFORMATION
fixed length control field 090417s1953 ai | |||||||||||||rus|d
040 ## - CATALOGING SOURCE
Original cataloging agency AM-YeHGA
041 0# - LANGUAGE CODE
Language code of text/sound track or separate title rus
090 ## - LOCALLY ASSIGNED LC-TYPE CALL NUMBER (OCLC); LOCAL CALL NUMBER (RLIN)
-- 473297
100 1# - MAIN ENTRY--PERSONAL NAME
Personal name Полевицкий, Константин Александрович
245 10 - TITLE STATEMENT
Title Сельскохозяйственные машины и орудия /
Statement of responsibility, etc. К.А. Полевицкий.
250 ## - EDITION STATEMENT
Edition statement Третье, перераб. изд.
260 ## - PUBLICATION, DISTRIBUTION, ETC.
Place of publication, distribution, etc. М. ;
-- Л. :
Name of publisher, distributor, etc. Сельхозгиз,
Date of publication, distribution, etc. 1953.
300 ## - PHYSICAL DESCRIPTION
Extent 611 с. :
Other physical details табл., рис. ;
Dimensions 26 см.
440 #0 - SERIES STATEMENT/ADDED ENTRY--TITLE
Title Учебники и учебные пособия для сельскохозяйственных высших учебных заведений
504 ## - BIBLIOGRAPHY, ETC. NOTE
Bibliography, etc. note Библиогр. в подстроч. примеч.
650 14 - SUBJECT ADDED ENTRY--TOPICAL TERM
Topical term or geographic name entry element Сельскохозяйственные машины и орудия
650 14 - SUBJECT ADDED ENTRY--TOPICAL TERM
Topical term or geographic name entry element Механизация сельского хозяйства
Holdings
Withdrawn status Lost status Damaged status Not for loan Collection Home library Current library Date acquired Total checkouts Full call number Barcode Date last seen Price effective from Koha item type Public note
        General Fundamental Scientific Library Fundamental Scientific Library 10/05/2018   РД III/3452 FL0491270 10/05/2018 10/05/2018 Գրքեր / Books 30 Days Loan
        General Fundamental Scientific Library Fundamental Scientific Library 10/05/2018   РД III/3466 FL0491284 10/05/2018 10/05/2018 Գրքեր / Books 30 Days Loan


ՀՀ ԳԱԱ հիմնարար գիտական գրադարան
ՀՀ,Երևան 0019
Մարշալ Բաղրամյան 24/6
հեռախոս:(374-10) 52-47-50
Հետադարձ կապ

All site content, except where otherwise noted, is licensed under a
Creative Commons License